Bargaining utility and rents. (Record no. 60948)

MARC details
000 -LEADER
fixed length control field 01009cam a2200181 4500
001 - CONTROL NUMBER
control field ABS61234
008 - FIXED-LENGTH DATA ELEMENTS--GENERAL INFORMATION
fixed length control field 000000n1999 000 0 eng u
035 ## - SYSTEM CONTROL NUMBER
System control number (Sirsi) u101838
100 ## - MAIN ENTRY--PERSONAL NAME
Personal name McAllister, P.
245 ## - TITLE STATEMENT
Title Bargaining utility and rents.
260 ## - PUBLICATION, DISTRIBUTION, ETC.
Date of publication, distribution, etc. 1999
490 ## - SERIES STATEMENT
Series statement Journal of Property Investment and Finance
Volume/sequential designation 17(4) 1999, 353-364(7)
520 ## - SUMMARY, ETC.
Summary, etc. Analyses the effect of potential lease expiry on the rental negotiation process and levels of rent agreed. Tenants may use the threat of lease termination to gain a rental and/or other concession. The level of concession the landlord makes can be seen as dependent on four variables: the expected landlord's cost of void, the probability of tenant relocation, the landlord's risk preference, and the effects of the bargaining process. A calculation model can be derived from this, however other behavioural aspects will affect the outcome.
650 ## - SUBJECT ADDED ENTRY--TOPICAL TERM
Topical term or geographic name entry element MODELS
650 ## - SUBJECT ADDED ENTRY--TOPICAL TERM
Topical term or geographic name entry element RISK
690 ## - LOCAL SUBJECT ADDED ENTRY--TOPICAL TERM (OCLC, RLIN)
Topical term or geographic name as entry element LANDLORD AND TENANT-RENT REVIEWS
942 ## - ADDED ENTRY ELEMENTS (KOHA)
Suppress in OPAC 0
Holdings
Withdrawn status Lost status Source of classification or shelving scheme Damaged status Not for loan Home library Current library Shelving location Date acquired Total Checkouts Full call number Barcode Date last seen Copy number Price effective from Koha item type
    Dewey Decimal Classification     London London Journal article 11/11/1999   ABS61234 101838-1001 06/08/2019 1 06/08/2019 Journal article